000
00338cam a2200133 4500
001
L129469
008
050420n1837 000 0 eng u
035
_a
(Sirsi) u129469
110
_a
Lord Lieutenant of Ireland
_9
4694
245
_a
Municipal corporation boundaries (Ireland)
260
_c
1837
300
_a
160p.
_c
36cm.
942
_n
0
999
_c
104203
_d
104203